Chinolóny - potenciálne fotosenzibilizátory pre nádorovú terapiu bakalárska práca
Gespeichert in:
| 1. Verfasser: | |
|---|---|
| Format: | Buch |
| Sprache: | Slowakisch |
| Veröffentlicht: |
Bratislava
STU FCHPT
2014
|
| Online-Zugang: | Im OPAC anzeigen |
| Tags: |
Keine Tags, Fügen Sie das erste Tag hinzu!
|
MARC
| LEADER | 00000nam a2200000 a 4500 | ||
|---|---|---|---|
| 005 | 20260127134038.0 | ||
| 008 | 140815 2014 000 0 slo d | ||
| 035 | |a vtls010614451 | ||
| 039 | 9 | |y 201408150954 |z mschk03 | |
| 040 | |a STUSCHK1 |b slo |c STUSCHK1 |e AACR2 | ||
| 100 | 1 | |a Janošková, Michaela | |
| 245 | 1 | |a Chinolóny - potenciálne fotosenzibilizátory pre nádorovú terapiu |b bakalárska práca |c Michaela Janošková | |
| 260 | |a Bratislava |b STU FCHPT |c 2014 | ||
| 300 | |a 43 s. |b Obr., tab. |c 30 cm | ||
| 500 | |a Obhájené: 15.7.2014 | ||
| 500 | |a Štud. program: biotechnológia a potravinárska technológia | ||
| 500 | |a Štud. odbor: biotechnológie | ||
| 500 | |a Škol. pracovisko: Odd. biochémie a mikrobiológie | ||
| 500 | |a Evid. číslo: FCHPT-13567-43955 | ||
| 910 | |a SCHK95 | ||
| 999 | |c 2797 |d 2797 | ||